Menjingkap tabir fakta-fakta pemberontakan P. K. dalam peristiwa Madiun. (Record no. 83358)

MARC details
000 -LEADER
fixed length control field 00801cam a22002411 4500
001 - CONTROL NUMBER
control field sa 68010160
003 - CONTROL NUMBER IDENTIFIER
control field DLC
005 - DATE AND TIME OF LATEST TRANSACTION
control field 20260227112550.0
008 - FIXED-LENGTH DATA ELEMENTS--GENERAL INFORMATION
fixed length control field 720724s1966 xx 000 0 ind
010 ## - LIBRARY OF CONGRESS CONTROL NUMBER
LC control number sa 68010160
035 ## - SYSTEM CONTROL NUMBER
System control number (OCoLC)362690
040 ## - CATALOGING SOURCE
Original cataloging agency DLC
Transcribing agency OAU
Modifying agency DLC
042 ## - AUTHENTICATION CODE
Authentication code premarc
050 00 - LIBRARY OF CONGRESS CALL NUMBER
Classification number HX402
Item number .M37
100 1# - MAIN ENTRY--PERSONAL NAME
Personal name Marsudi, Djamal,
Dates associated with a name 1920-
245 10 - TITLE STATEMENT
Title Menjingkap tabir fakta-fakta pemberontakan P. K. dalam peristiwa Madiun.
260 ## - PUBLICATION, DISTRIBUTION, ETC.
Place of publication, distribution, etc. Djakarta,
Name of publisher, distributor, etc. Merdeka Press
Date of publication, distribution, etc. [1966]
300 ## - PHYSICAL DESCRIPTION
Extent 115 p.
Other physical details illus., facsims., ports.
Dimensions 21 cm.
500 ## - GENERAL NOTE
General note Cover title: Menjingkap pembrontakan PKI dalam peristiwa Madiun.
650 #0 - SUBJECT ADDED ENTRY--TOPICAL TERM
Topical term or geographic name entry element Communism
Geographic subdivision Indonesia
General subdivision History.
610 20 - SUBJECT ADDED ENTRY--CORPORATE NAME
Corporate name or jurisdiction name as entry element Partai Komunis Indonesia
General subdivision History.
740 0# - ADDED ENTRY--UNCONTROLLED RELATED/ANALYTICAL TITLE
Uncontrolled related/analytical title Menjingkap pembrontakan PKI Dalam peristiwa Madiun.

No items available.

Powered by Koha